[Event "Bergen Spillfestival Hovedturnering 2023"]
[Site "Bergen Internasjonale Kulturse"]
[Date "2023.08.03"]
[Round "6"]
[White "Martinsen, Stig K"]
[Black "Urkedal, Frode Olav Olsen"]
[Result "0-1"]
[WhiteElo "2172"]
[BlackElo "2529"]
[PlyCount "76"]
[EventDate "2023.??.??"]

{[%evp 0,76,20,20,20,-7,14,7,3,5,-16,-9,9,-14,-13,-13,-12,-39,-8,-31,-10,-27,
-21,-35,-37,-38,-46,-39,-36,-36,-19,-23,-10,-40,-40,-39,-37,-80,-70,-59,-92,
-108,-84,-83,-77,-102,-69,-79,-80,-67,-25,-26,-13,-49,-45,-45,-22,-34,-57,-57,
-22,-30,-13,-98,-97,-98,-69,-110,-86,-83,-109,-199,-197,-227,-269,-293,-287,
-352,-515]} 1. Nf3 d5 2. g3 g6 3. Bg2 Bg7 4. O-O e5 5. d3 Nc6 6. Nbd2 Nf6 7. e4
O-O 8. a3 a5 9. b3 Re8 10. h3 dxe4 11. dxe4 b6 12. Re1 Ba6 13. Bf1 Bxf1 14.
Kxf1 Qd7 15. Kg2 a4 16. b4 Rad8 17. Qe2 Nd4 18. Qc4 b5 19. Qc3 Nxf3 20. Qxf3
Qc6 21. c3 Re6 22. Nf1 h6 23. Ra2 Red6 24. Rd2 Qc4 25. Rxd6 Rxd6 26. Qe2 Qxc3
27. Bb2 Qd3 28. Bxe5 Qxe2 29. Rxe2 Rd3 30. Bb2 Rb3 31. g4 h5 32. f3 hxg4 33.
hxg4 Nd5 34. Bc1 Nb6 35. Bf4 Rxa3 36. Bxc7 Nc4 37. e5 Rb3 38. Bd6 a3 0-1

[Event "Bergen Spillfestival Hovedturnering 2023"]
[Site "Bergen Internasjonale Kulturse"]
[Date "2023.08.03"]
[Round "6"]
[White "Gåsland, Lukas Dominik"]
[Black "Mansoor, Afras"]
[Result "1/2-1/2"]
[WhiteElo "1873"]
[BlackElo "2159"]
[PlyCount "93"]
[EventDate "2023.??.??"]

{[%evp 0,54,20,20,28,13,13,6,33,19,19,19,22,-19,-2,11,10,29,63,4,3,-6,-1,2,6,
-16,-16,-15,-18,-5,-4,-50,-40,-58,-43,-80,-60,-114,-126,-121,-139,-184,-169,
-178,-172,-188,-184,-210,-189,-220,-196,-200,-200,-193,-195,-223,-195]} 1. d4
Nf6 2. c4 e6 3. Nf3 b6 4. a3 Bb7 5. Nc3 Be7 6. g3 O-O 7. Bg2 Ne4 8. Qc2 Nxc3 9.
Qxc3 d6 10. O-O Nd7 11. b4 Bf6 12. Bb2 c5 13. Qd2 Qe7 14. Rfd1 Rfd8 15. b5 Rac8
16. dxc5 Bxb2 17. Qxb2 Rxc5 18. Qd2 Bxf3 19. Bxf3 Ne5 20. Qb4 Rxc4 21. Qb3 Rdc8
22. a4 d5 23. a5 Rb4 24. Qa2 Rxb5 25. axb6 axb6 26. Qa6 Qd7 27. Kg2 g6 28. e3
Qc6 29. Rdc1 Rc5 30. Rcb1 Rb8 31. Qe2 b5 32. Rb4 Rc2 33. Qd1 Qc3 34. Rab1 Rc8
35. Be2 Rd2 36. Qe1 Qc2 37. Bxb5 Ng4 38. Rxg4 Rxf2+ 39. Qxf2 Qxb1 40. Be2 e5
41. Ra4 Rc2 42. Ra8+ Kg7 43. Ra7 Kh6 44. Rxf7 Qa2 45. Rxh7+ Kxh7 46. Qf7+ Kh8
47. Qf8+ 1/2-1/2

[Event "Bergen Spillfestival Hovedturnering 2023"]
[Site "Bergen Internasjonale Kulturse"]
[Date "2023.08.03"]
[Round "6"]
[White "Engelsen, Teodor Tenfjord"]
[Black "Straus, Aksel Bjøntegaard"]
[Result "1-0"]
[WhiteElo "1977"]
[BlackElo "1402"]
[PlyCount "97"]
[EventDate "2023.??.??"]

{[%evp 0,56,20,20,20,13,43,30,26,15,26,12,28,28,27,15,15,11,11,13,20,14,15,2,
27,28,27,27,31,44,50,42,42,54,61,36,32,19,25,30,163,163,194,216,205,223,199,
155,201,159,250,0,97,77,85,54,48,32,96]} 1. d4 d5 2. c4 c6 3. cxd5 cxd5 4. Nc3
Nf6 5. Bf4 e6 6. e3 Bd6 7. Bxd6 Qxd6 8. Bd3 Nc6 9. f4 a6 10. Rc1 Bd7 11. Nf3
Rc8 12. Ne5 Nb4 13. Bb1 h6 14. O-O Nc6 15. Qf3 O-O 16. g4 Qe7 17. h3 Nh7 18.
Qg3 Nxe5 19. fxe5 f5 20. gxf5 exf5 21. Nxd5 Qf7 22. Rxc8 Bxc8 23. Bc2 Be6 24.
Nf4 Bxa2 25. e6 Qc7 26. e7 Re8 27. Bxf5 Qxe7 28. e4 Qd6 29. Ne2 Qxg3+ 30. Nxg3
Nf6 31. d5 Rd8 32. Be6+ Kh8 33. Rc1 Nxd5 34. exd5 Kh7 35. Bf5+ g6 36. Be4 Rd7
37. Rd1 Kg7 38. d6 Be6 39. h4 Kf6 40. Kf2 Bf7 41. Bxb7 Bc4 42. Bc6 Rf7 43. Ke3
Rf8 44. Kd4 Be6 45. Rf1+ Bf5 46. h5 Rd8 47. Kc5 Ke5 48. Nxf5 gxf5 49. Re1+ 1-0

[Event "Bergen Spillfestival Hovedturnering 2023"]
[Site "Bergen Internasjonale Kulturse"]
[Date "2023.08.03"]
[Round "6"]
[White "Haugen, Lars Tormod"]
[Black "Bjørkly, Sara Marie Skaug"]
[Result "1-0"]
[WhiteElo "1792"]
[BlackElo "1470"]
[PlyCount "51"]
[EventDate "2023.??.??"]

{[%evp 0,51,20,-26,-2,-23,-23,-27,-21,-43,-37,-12,39,25,25,0,76,51,82,91,91,47,
47,22,22,5,26,34,94,99,85,62,32,62,101,101,118,152,152,22,543,549,565,577,
29989,29990,29991,29992,29995,29996,29997,29998,29999,-30000]} 1. c4 e5 2. Nc3
Nf6 3. g3 Nc6 4. Bg2 Bc5 5. Nf3 d5 6. cxd5 Nxd5 7. O-O Be6 8. Nxe5 Bxf2+ 9.
Rxf2 Nxe5 10. Qa4+ c6 11. Qd4 f6 12. Ne4 Qc7 13. b3 h5 14. Ba3 Rd8 15. Qxa7 h4
16. Rc1 hxg3 17. hxg3 Bh3 18. Bxh3 Rxh3 19. Qc5 Ng4 20. Qf8+ Kd7 21. Qxg7+ Ke8
22. Qg8+ Kd7 23. Qxg4+ Ke8 24. Qe6+ Ne7 25. Nxf6+ Kf8 26. Qg8# 1-0

[Event "Bergen Spillfestival Hovedturnering 2023"]
[Site "Bergen Internasjonale Kulturse"]
[Date "2023.08.03"]
[Round "6"]
[White "Mongstad, Dag"]
[Black "Rynning, Rune Kleiven"]
[Result "0-1"]
[WhiteElo "1516"]
[BlackElo "1718"]
[PlyCount "120"]
[EventDate "2023.??.??"]

{[%evp 0,51,20,19,41,45,90,66,68,36,36,21,56,30,30,6,11,31,16,5,5,-6,-6,0,8,8,
10,-48,-49,-54,-43,-47,-61,-58,-63,-56,-65,-122,-116,-164,-171,-163,-76,-85,
-88,-114,-109,-114,-74,-156,-95,-94,-94,-111]} 1. e4 c5 2. Nf3 d6 3. d4 cxd4 4.
Nxd4 Nf6 5. Nc3 a6 6. g3 e5 7. Nde2 Be7 8. Bg2 O-O 9. O-O Be6 10. Bg5 Nbd7 11.
a4 Qc7 12. h3 h6 13. Bxf6 Nxf6 14. g4 Rfd8 15. Ng3 g6 16. Qd2 Kg7 17. f4 Qc5+
18. Qf2 exf4 19. Qxc5 dxc5 20. Rxf4 Rd2 21. Rf2 Rad8 22. Raf1 Rxf2 23. Rxf2 b6
24. Kf1 Bc4+ 25. Ke1 Bd6 26. Nf1 Be5 27. Nd1 h5 28. Nde3 Be6 29. gxh5 Nxh5 30.
b3 Nf4 31. h4 Nxg2+ 32. Rxg2 Rh8 33. Nf5+ Kf8 34. N5g3 Rxh4 35. Ke2 Bg4+ 36.
Kd3 Bh3 37. Re2 Rg4 38. Re3 Bd4 39. Rf3 Bg2 40. Re3 Bxf1+ 41. Nxf1 Bxe3 42.
Nxe3 Rg3 43. e5 Ke7 44. Ke4 Rxe3+ 45. Kxe3 Ke6 46. Ke4 g5 47. c3 g4 48. Kf4 g3
49. Kxg3 Kxe5 50. Kf3 f5 51. b4 cxb4 52. cxb4 f4 53. a5 b5 54. Ke2 Kd4 55. Kf3
Kc4 56. Kxf4 Kxb4 57. Ke3 Kxa5 58. Kd3 Kb4 59. Kc2 Ka3 60. Kb1 Kb3 0-1

[Event "Bergen Spillfestival Hovedturnering 2023"]
[Site "Bergen Internasjonale Kulturse"]
[Date "2023.08.03"]
[Round "6"]
[White "Sivertsen, Jarle"]
[Black "Bjarnason, Snorri Vikanes"]
[Result "1/2-1/2"]
[WhiteElo "1589"]
[BlackElo "1657"]
[PlyCount "48"]
[EventDate "2023.??.??"]

{[%evp 0,36,20,20,20,6,16,29,41,41,41,51,72,46,52,11,11,25,40,-9,-9,-24,5,-21,
-18,-27,-21,-43,-49,-56,-48,-67,-38,-82,-59,-123,-62,-58,-20]} 1. d4 d5 2. c4
dxc4 3. e3 e6 4. Bxc4 Nf6 5. Nf3 c5 6. O-O a6 7. a4 Nc6 8. Nc3 cxd4 9. Nxd4 Bd7
10. Be2 Be7 11. Bf3 Qc7 12. Nxc6 Bxc6 13. Bd2 O-O 14. Qe2 Rfd8 15. Rfd1 Rac8
16. h3 Qb6 17. Rab1 Qb3 18. Be1 Nd5 19. Nxd5 Bxd5 20. Bxd5 Rxd5 21. Rxd5 Qxd5
22. Bc3 Qb3 23. Qd1 Qc4 24. Qd7 Qc7 1/2-1/2

[Event "Bergen Spillfestival Hovedturnering 2023"]
[Site "Bergen Internasjonale Kulturse"]
[Date "2023.08.03"]
[Round "6"]
[White "Seymour, Max Bakke"]
[Black "Flaten, Siver"]
[Result "1-0"]
[WhiteElo "1611"]
[BlackElo "1386"]
[PlyCount "61"]
[EventDate "2023.??.??"]

{[%evp 0,33,20,-26,-25,-21,22,20,18,15,30,48,49,53,58,62,50,14,40,7,24,41,32,
17,39,36,31,-26,-4,-95,-95,-85,-74,-148,-201,-270]} 1. c4 e5 2. Nc3 Bb4 3. Nd5
Ba5 4. b4 c6 5. bxa5 cxd5 6. cxd5 Qxa5 7. e4 d6 8. Ne2 Bd7 9. Nc3 Na6 10. Bxa6
Qxa6 11. Qb3 Ne7 12. Rb1 Rb8 13. a4 f5 14. f3 fxe4 15. fxe4 O-O 16. Ba3 Ng6 17.
g3 Rf3 18. Qb4 Rbf8 19. Kd1 Qd3 20. Kc1 Rc8 21. Rb3 Rcf8 22. Rd1 b6 23. Kb2 Bg4
24. h3 Bxh3 25. Nb5 Qe2 26. Rxf3 Rxf3 27. Rc1 a5 28. Qxd6 Qxd2+ 29. Ka1 Rxg3
30. Qd8+ Kf7 31. Nd6# 1-0

[Event "Bergen Spillfestival Hovedturnering 2023"]
[Site "Bergen Internasjonale Kulturse"]
[Date "2023.08.03"]
[Round "6"]
[White "Gjersvik, Aksel Elias"]
[Black "Krbacevic, Mateja"]
[Result "0-1"]
[WhiteElo "1395"]
[BlackElo "1476"]
[PlyCount "122"]
[EventDate "2023.??.??"]

{[%evp 0,43,20,-26,-2,-21,4,-5,3,20,8,0,17,17,46,42,47,19,43,36,41,39,36,20,27,
8,53,63,58,-2,5,0,48,29,-21,-52,54,-37,-21,-17,-28,-82,-88,-184,-219,-222]} 1.
c4 e5 2. Nc3 Be7 3. Nf3 d6 4. g3 f5 5. d3 Nf6 6. Bg2 c6 7. O-O O-O 8. Qb3 Qb6
9. Be3 Qxb3 10. axb3 Na6 11. h3 Nh5 12. Bd2 f4 13. g4 Nf6 14. e3 Nc5 15. exf4
exf4 16. Bxf4 Nxg4 17. Bg3 Nh6 18. d4 Nxb3 19. Ra3 Rxf3 20. Bxf3 Nd2 21. Bxc6
bxc6 22. Rfa1 a6 23. b3 d5 24. c5 Nf5 25. Na4 Bd8 26. Kg2 Nxg3 27. fxg3 Rb8 28.
Re1 Kf7 29. Re3 Bg5 30. Re5 Ne4 31. Nb6 Bf6 32. Rh5 Kg6 33. g4 Be6 34. Rxa6
Bxd4 35. b4 Nf6 36. Na4 Nxh5 37. gxh5+ Kxh5 38. Rxc6 Bd7 39. Rd6 Bxa4 40. Rxd5+
Be5 41. Rxe5+ g5 42. Re7 h6 43. Ra7 Rxb4 44. Ra5 Bc6+ 45. Kg3 Rb5 46. Ra3 Rxc5
47. Re3 Bd7 48. Rd3 Bf5 49. Ra3 Rd5 50. Kh2 Rd3 51. Ra6 Rxh3+ 52. Kg1 Rb3 53.
Kh2 g4 54. Ra5 Kg5 55. Kg2 h5 56. Kh2 h4 57. Ra8 Rb2+ 58. Kg1 h3 59. Rh8 g3 60.
Rg8+ Kf4 61. Kf1 h2 0-1

[Event "Bergen Spillfestival Hovedturnering 2023"]
[Site "Bergen Internasjonale Kulturse"]
[Date "2023.08.03"]
[Round "7"]
[White "Urkedal, Frode Olav Olsen"]
[Black "Rynning, Rune Kleiven"]
[Result "1-0"]
[WhiteElo "2529"]
[BlackElo "1718"]
[PlyCount "67"]
[EventDate "2023.??.??"]

{[%evp 0,52,20,20,20,13,30,30,44,14,49,11,22,27,29,26,25,16,20,16,5,7,2,-1,-1,
-7,25,7,48,48,60,61,44,39,63,57,67,49,63,55,59,28,42,82,127,96,85,97,124,124,
305,368,384,406,401]} 1. d4 d5 2. c4 c6 3. Nf3 Nf6 4. e3 e6 5. b3 Nbd7 6. Bd3
Bd6 7. Bb2 O-O 8. Nbd2 b6 9. e4 dxe4 10. Nxe4 Nxe4 11. Bxe4 Bb7 12. Bc2 Re8 13.
Qd3 Nf8 14. O-O-O Qe7 15. Kb1 Ba3 16. Bc3 a5 17. h4 h6 18. Rh3 Red8 19. Qe3 Bb4
20. Ba1 b5 21. c5 a4 22. Rg3 axb3 23. Bxb3 f6 24. Qxh6 g6 25. h5 Qh7 26. Qxh7+
Kxh7 27. hxg6+ Kg7 28. Rh1 Ba5 29. Bc2 Bc7 30. Rgh3 Rac8 31. d5 cxd5 32. Rh7+
Nxh7 33. Rxh7+ Kg8 34. Bxf6 1-0

[Event "Bergen Spillfestival Hovedturnering 2023"]
[Site "Bergen Internasjonale Kulturse"]
[Date "2023.08.03"]
[Round "7"]
[White "Krbacevic, Mateja"]
[Black "Martinsen, Stig K"]
[Result "0-1"]
[WhiteElo "1476"]
[BlackElo "2172"]
[PlyCount "140"]
[EventDate "2023.??.??"]

{[%evp 0,111,20,19,93,70,87,53,76,65,64,42,42,-2,47,26,16,17,20,7,7,-61,-50,
-115,-70,-104,-119,-99,-99,-97,-85,-131,-128,-128,-75,-75,-105,-120,-103,-121,
-117,-129,-133,-116,-106,-121,-116,-176,-163,-159,-176,-266,-287,-307,-308,
-355,-361,-367,-364,-382,-386,-389,-384,-384,-336,-360,-369,-384,-384,-384,
-389,-385,-394,-404,-389,-400,-400,-413,-389,-413,-397,-401,-400,-409,-414,
-414,-362,-416,-426,-427,-423,-434,-453,-476,-433,-459,-430,-434,-415,-433,
-377,-444,-445,-448,-446,-453,-445,-447,-450,-540,-450,-452,-428,-452]} 1. e4
g6 2. d4 Bg7 3. Nf3 d6 4. Bb5+ Nd7 5. c3 a6 6. Ba4 e6 7. Bg5 Ne7 8. Nbd2 h6 9.
Be3 O-O 10. Bxd7 Qxd7 11. Nf1 b6 12. Ng3 f5 13. exf5 exf5 14. Qb3+ Qe6 15.
Qxe6+ Bxe6 16. Bd2 f4 17. Ne2 g5 18. h4 Bf6 19. hxg5 hxg5 20. a3 Kg7 21. O-O-O
Rh8 22. Rde1 Kf7 23. g3 Rxh1 24. Rxh1 Bd5 25. Neg1 g4 26. Rh7+ Kg8 27. Rh6 Bg7
28. Rh4 fxg3 29. Rxg4 gxf2 30. Nh2 fxg1=Q+ 31. Rxg1 Rf8 32. Ng4 Nf5 33. Bg5 Kf7
34. Rf1 Ke6 35. Re1+ Kd7 36. Ne3 Re8 37. Kd2 Nxe3 38. Rxe3 Rxe3 39. Bxe3 Bb3
40. Kd3 b5 41. Ke4 Ke6 42. Bg5 Bf6 43. Bh6 Bc2+ 44. Ke3 Kd5 45. Kd2 Bg6 46. Kc1
Ke4 47. Kb1 Bh4 48. Kc2 Bg3 49. Bg5 Bf4 50. Bd8 c5 51. dxc5 dxc5 52. b3 Ke3+
53. Kb2 Kd3 54. Be7 Be3 55. Bd6 Ke4 56. Bf8 Kd5 57. Be7 Bf4 58. Bf8 Be5 59. Be7
Bd3 60. Bd8 b4 61. axb4 cxb4 62. Ba5 Bxc3+ 63. Ka2 Ke4 64. Bd8 Kf3 65. Bf6 Ke2
66. Bg5 Kd1 67. Bc1 Kc2 68. Bh6 Bc4 69. bxc4 b3+ 70. Ka3 b2 0-1

[Event "Bergen Spillfestival Hovedturnering 2023"]
[Site "Bergen Internasjonale Kulturse"]
[Date "2023.08.03"]
[Round "7"]
[White "Mansoor, Afras"]
[Black "Haugen, Lars Tormod"]
[Result "1-0"]
[WhiteElo "2159"]
[BlackElo "1792"]
[PlyCount "111"]
[EventDate "2023.??.??"]

{[%evp 0,72,20,14,17,6,13,13,39,-4,11,-4,25,14,17,0,-1,-7,24,-26,-25,-16,-16,
-40,-29,-34,-29,-12,-27,-29,-33,-11,-17,-17,10,-10,-12,0,13,-54,-45,-55,-5,-47,
5,11,15,27,47,33,34,43,41,0,-5,-9,-5,-22,-6,-27,43,46,74,84,103,-78,-80,-83,
-83,-343,-425,-422,-79,-107,-168]} 1. d4 d5 2. c4 e6 3. Nf3 c6 4. g3 dxc4 5.
Bg2 b5 6. O-O Nf6 7. a4 Bb7 8. Ne5 a6 9. b3 cxb3 10. Bb2 Nbd7 11. Nxc6 Qb6 12.
axb5 axb5 13. Rxa8+ Bxa8 14. Ne5 Bxg2 15. Kxg2 Nxe5 16. dxe5 Ne4 17. Qxb3 Be7
18. f3 Nc5 19. Qc2 O-O 20. Bd4 Qb7 21. Nd2 Na4 22. Rb1 Qd5 23. e3 Rb8 24. Ne4
h6 25. g4 Qd7 26. Ra1 Rc8 27. Qb1 Qc6 28. Ra2 b4 29. Qb3 Nc5 30. Nxc5 Bxc5 31.
Rc2 Qb5 32. Rc4 Rc6 33. Bxc5 Rxc5 34. Rxb4 Qe2+ 35. Kg3 Rc2 36. Kf4 Qxh2+ 37.
Ke4 Qd2 38. Rd4 Qc3 39. Qxc3 Rxc3 40. f4 Kf8 41. Rd8+ Ke7 42. Rg8 g6 43. Rh8 h5
44. gxh5 gxh5 45. Rxh5 Rc4+ 46. Kf3 Rc3 47. Rh1 Ra3 48. Rb1 Ra7 49. Rb6 f6 50.
f5 exf5 51. exf6+ Kf7 52. Kf4 Ra5 53. Kg5 Re5 54. Rb7+ Kf8 55. Kg6 f4 56. exf4
1-0

[Event "Bergen Spillfestival Hovedturnering 2023"]
[Site "Bergen Internasjonale Kulturse"]
[Date "2023.08.03"]
[Round "7"]
[White "Bjarnason, Snorri Vikanes"]
[Black "Engelsen, Teodor Tenfjord"]
[Result "1/2-1/2"]
[WhiteElo "1657"]
[BlackElo "1977"]
[PlyCount "68"]
[EventDate "2023.??.??"]

{[%evp 0,68,20,-25,-25,-33,-27,-43,22,18,6,6,6,-4,4,-6,-2,0,0,-9,-4,-16,0,-20,
-17,-38,-18,-23,-32,-34,-30,-42,-48,-52,-56,-112,-163,-166,-134,-169,-79,-89,
-89,-99,-106,-93,-86,-84,-77,-138,-90,-114,-86,-112,-85,-60,-71,-42,-9,0,0,-67,
-61,-79,-70,-96,-94,-24,0,0,81]} 1. c4 e5 2. g3 Nc6 3. Bg2 g6 4. Nc3 Bg7 5. Nf3
Nge7 6. d3 d6 7. h4 h6 8. Bd2 Be6 9. Qb3 Rb8 10. a4 a6 11. a5 O-O 12. Nd5 f5
13. Bc3 Nxd5 14. cxd5 Bf7 15. Nd2 Nd4 16. Qa4 Nb5 17. g4 Nxc3 18. bxc3 e4 19.
dxe4 Bxc3 20. Rc1 Bxd2+ 21. Kxd2 fxg4 22. f3 g3 23. Rh3 c6 24. f4 cxd5 25. exd5
Qf6 26. Rxg3 Rbc8 27. Rgc3 Rxc3 28. Rxc3 Re8 29. Bf3 Qxh4 30. Qd4 Qd8 31. Ra3
Qc7 32. Qb6 Qc4 33. Qxd6 Rc8 34. Ke3 g5 1/2-1/2

[Event "Bergen Spillfestival Hovedturnering 2023"]
[Site "Bergen Internasjonale Kulturse"]
[Date "2023.08.03"]
[Round "7"]
[White "Gåsland, Lukas Dominik"]
[Black "Sivertsen, Jarle"]
[Result "1-0"]
[WhiteElo "1873"]
[BlackElo "1589"]
[PlyCount "57"]
[EventDate "2023.??.??"]

{[%evp 0,48,20,14,21,13,29,29,46,43,35,25,52,52,70,69,86,40,41,41,46,17,25,9,
34,1,-9,1,63,4,64,58,46,39,29,20,45,28,45,-34,-16,-24,-24,0,461,513,620,641,
640,632,652]} 1. d4 d5 2. c4 dxc4 3. e3 Nf6 4. Bxc4 e6 5. Nc3 c5 6. Nf3 cxd4 7.
exd4 a6 8. a4 Qc7 9. Bb3 Be7 10. O-O O-O 11. Bg5 Rd8 12. Qe2 h6 13. Be3 Ng4 14.
Rac1 Nxe3 15. fxe3 Nc6 16. Qf2 Rf8 17. Ne4 Qa5 18. Qg3 Qb4 19. Bc2 Qxb2 20. Ne5
Nxe5 21. dxe5 f5 22. exf6 Bxf6 23. Qg6 Bd7 24. Nxf6+ Rxf6 25. Qh7+ Kf7 26. Bg6+
Ke7 27. Qxg7+ Kd6 28. Rfd1+ Ke5 29. Rc5# 1-0

[Event "Bergen Spillfestival Hovedturnering 2023"]
[Site "Bergen Internasjonale Kulturse"]
[Date "2023.08.03"]
[Round "7"]
[White "Straus, Aksel Bjøntegaard"]
[Black "Mongstad, Dag"]
[Result "1-0"]
[WhiteElo "1402"]
[BlackElo "1516"]
[PlyCount "51"]
[EventDate "2023.??.??"]

{[%evp 0,51,20,14,28,23,27,36,57,31,68,-35,-1,-14,38,-16,-16,13,-6,-12,-7,-12,
34,-28,12,-14,0,8,8,16,28,24,34,26,46,17,36,3,16,4,30,-1,1,-1,0,18,0,-328,212,
228,398,409,29999,-30000]} 1. d4 Nf6 2. Bf4 d5 3. e3 c5 4. Nf3 Nc6 5. c4 Bg4 6.
Qb3 Qb6 7. dxc5 Qxb3 8. axb3 Bxf3 9. gxf3 e5 10. Bg5 Nb4 11. Kd2 Bxc5 12. Nc3
O-O-O 13. Bxf6 gxf6 14. Bh3+ Kb8 15. cxd5 Nxd5 16. Ke2 Bb4 17. Rhc1 a6 18. Ra4
a5 19. Raa1 Ka7 20. Nxd5 Rxd5 21. Rc7 Rd2+ 22. Kf1 Rhd8 23. Bc8 Rxb2 24. Rxb7+
Ka8 25. Rxb4 Rxc8 26. Rxa5# 1-0

[Event "Bergen Spillfestival Hovedturnering 2023"]
[Site "Bergen Internasjonale Kulturse"]
[Date "2023.08.03"]
[Round "7"]
[White "Gjersvik, Aksel Elias"]
[Black "Flaten, Siver"]
[Result "1/2-1/2"]
[WhiteElo "1395"]
[BlackElo "1386"]
[PlyCount "37"]
[EventDate "2023.??.??"]

{[%evp 0,37,20,-25,-10,-5,34,-17,16,7,12,4,55,24,18,-12,-12,-30,-24,-73,-68,
-47,-18,-6,-7,0,15,-10,-1,-24,-16,-26,-37,-117,-5,-32,-13,-36,-25,-28]} 1. c4
e5 2. Nc3 Bb4 3. g3 Bxc3 4. bxc3 d6 5. d4 f6 6. Bg2 Ne7 7. e3 O-O 8. Qb3 Nbc6
9. c5+ d5 10. Nf3 e4 11. Nd2 Rb8 12. Ba3 f5 13. Qc2 Be6 14. Nb3 Kh8 15. Qe2 g5
16. h4 g4 17. Bc1 Kg7 18. Bd2 h5 19. Bc1 1/2-1/2